01543nam a2200385 i 450000100060000000300080000600500170001400600190003100700150005000800410006502000270010602000180013304000310015105000210018208000100020308200150021310000280022824501220025626400660037830000460044433600310049033700360052133800430055758801320060059001640073265000380089665000200093465000220095465500270097670000340100379700190103703500220105685600620107899900170114059045FlNmELB20241216233048.0m o u cr cn|||||||||190124s2016 mx o 000 0 spa d a9781512960600 (e-book) z9786077411611 aFINmELBbspaerdacFINmELB14aRC864bC469 2016 a616.304a616.352231 aCharúa Guindic, Luis.10aManual de enfermedades anorrectales en la práctica clínica /cLuis Charúa Guindic, José María Remes Troche. 1aCiudad de México :bEditorial Alfil, S. A. de C. V.,c2016. a1 recurso en línea (xii, 312 páginas) atextobtxt2rdacontent/spa acomputadorabcbc2rdamedia/spa arecurso en líneabcr2rdacarrier/spa aDescripción basada en recurso en línea; título de la página del título en PDF (elibro, visto el 24 de enero de 2019). aRecurso electrónico. Santa Fe, Arg.: e-libro, 2019. Disponible vía World Wide Web. El acceso puede estar limitado para las bibliotecas afiliadas a e-libro. 4aRecto (Anatomía)xEnfermedades. 0aAnusxDiseases. 0aRectumxDiseases. 4aLibros electrónicos.1 aRemes Troche, José María.2 ae-libro, Corp. a(OCoLC)110552856440uhttps://elibro.net/ereader/politecnicointernacional/40338 c59045d59045